| 000 | 00553pam a2200205 a 4500 | ||
|---|---|---|---|
| 020 | _c | ||
| 040 | _aMedical College Lib. | ||
| 041 |
_aENG _hENG |
||
| 082 |
_a616.0754 _bFLE |
||
| 100 | _aFleischer, A.C. et al. . | ||
| 245 |
_aPrinciples And Practice Of Ultrasonography / _c _hTextual Documents |
||
| 250 |
_a4th / _b. |
||
| 260 |
_a : _bPrentice-Hall. , _c1991. |
||
| 300 |
_a820-1632 ; _c |
||
| 365 | _a1287=00 | ||
| 653 |
_aObst & Gynac _aMedical Science |
||
| 930 | _a4045 | ||
| 999 |
_c4044 _d4044 |
||